00678nam a2200229 a 4500001001300000003000900013005001700022008004100039020001000080082001400090100002000104245003100124260006200155300000900217500003500226505002400261650001900285902000800304942000700312952011400319999001500433nice12345678IN_TiNIC20260116011701.0050524s1962 edia grp 000 0 eng  ac10000a270bSTE1 aSteele, J Aulay aStory of the Church, Vol.3 aEdinburghbChurch of Scotland Committee on the Relic1962 a221p aincludes index and biblioraphy2 abibliography, Index aChurch-History bSRS cBK 001040708StackRoom-aHMIbHMId2007-07-17g100.00l0o270 STE1p07739r2007-07-17v100.00w2005-05-24yBK c3393d3393